Responses for show #7960 - Friday, March 29, 2019

Steven Grade game 3.

Contestants

[<< previous game]

Andrew Simmons, a grants and contracts reviewer from Lilburn, Georgia

Natasha Leyk, a budget manager from Chicago, Illinois

Steven Grade, a sports industry consultant from Atlanta, Georgia (whose 2-day cash winnings total $57,201)

[next game >>]

Jeopardy! Round responses

THE ZODIAC, KINDA IN PICTURES
LITERARY GENRES
AD SLOGANS
NOUNS THAT ARE ALSO VERBS
CONTINENTAL BREAKFAST
(Alex: Name the continent for us.)
FOLLOWING SPORTS RELIGIOUSLY
    $200 13
(Alex: The twins.)

Gemini

Andrew
    $200 7
a mystery

Andrew
    $200 17
love

Natasha
    $200 20
paddle

Steven
    $200 5
(Natasha: What is India?)

Asia

NatashaAndrew
    $200 1
sacrifice

Andrew
    $400 14
Pisces

Steven
    $400 11
Cinderella

Natasha
    $400 19
absolutely, positively

Steven
    $400 21
dye

Steven
    $400 6
(Alex: It's in Canada.)

North America

Steven
    $400 2
a Hail Mary

Steven
    $600 15
(Alex: For the ram.)

Aries

Natasha
    $600 12
(Andrew: What is for granted?)

personally

NatashaAndrew
    $600 26
Labour

Natasha
    $600 22
chant

Andrew
    $600 8
Australia

Andrew
    $600 3
steal

Steven
    $800 16
Sagittarius

Steven
    $1,600 29
fantasy

Natasha
    $800 27
Morton

Natasha
    $800 23
waltz

Steven
    $800 9
South America

Natasha
    $800 4
conversion

Natasha
    $1000 18
(Alex: The Bulls. Michael Jordan.)

Taurus

Steven
    $1000 30
(Steven: Who is Burns?)

(David) McCullough

StevenNatasha
    $1000 28
good to the last drop

Natasha
    $1000 24
balloon

Steven
    $1000 10
Africa

Steven
    $1000 25
the Saints (of New Orleans)

Steven

Scores at the first commercial break (after clue 15):

Steven Natasha Andrew
$2,800 $3,000 $800

Scores at the end of the Jeopardy! Round:

Steven Natasha Andrew
$7,400 $8,200 $1,400

Double Jeopardy! Round responses

CASTLE ARCHITECTURE
PHILOSOPHY
SCI-FI TRANSPORTS
5-LETTER "W"ORDS
PAINT ME AS YOU SEE ME
QUARTZ & ALL
    $400 1
dungeon

Natasha
    $400 21
vicious

Steven
    $400 9
Prometheus

Andrew
    $400 15
wurst

Steven
    $400 6
William Shakespeare

Andrew
    $400 23
Scotland

Andrew
    $800 2
candles

Andrew
    $800 22
hedonism

Andrew
    $800 12
(Boba) Fett

Steven
    $800 17
winks

Andrew
    $800 7
(Samuel) Morse

Andrew
    $800 24
loess

Triple Stumper
    $1200 3
lance

Natasha
    $1200 28
(Jean-Paul) Sartre

Natasha
    $1200 13
Don Quixote

Andrew
    $1200 18
witty

Andrew
    $1200 8
(Queen) Anne

Steven
    $1200 25
sandstone

Triple Stumper
    $1600 4
escarpment

Natasha
    $1600 29
breathing

Natasha
    $1600 14
Lost in Space

Natasha
    $1600 19
wharf

Steven
    $1600 10
John Hancock

Natasha
    $1600 26
granite

Andrew
    $3,000 5
(Alex: Anything?)
(Natasha: No.)

the keep

Natasha
    $2000 30
consciousness

Steven
    $2000 16
Tron

Steven
    $2000 20
a whelk

Steven
    $2000 11
(Natasha: Who is Modiglioni?)
(Alex: Say it again.)
(Natasha: Mogdilione?)

Modigliani

NatashaAndrew
    $2,500 27
(Andrew: What is flint... [*]?)
(Alex: Thank you.)

flintlock

Andrew

Scores at the end of the Double Jeopardy! Round:

Steven Natasha Andrew
$17,800 $12,400 $14,300

[wagering suggestions for these scores]

Final Jeopardy! Round responses

CHILDREN'S BOOKS
(Alex: He wasn't always well-behaved. Told a lot of lies.)
...
(Alex: [To Steven] No, he told a lot of lies. Made his nose grow. But then at the end, he became a real boy and was happy to be a good boy. [*] is the correct response.)
NatashaWhat is Peter Pan?
$7,400
AndrewWhat is Little Lord Fauntleroy?
$12,000
StevenWhat is The Velveteen Rabbit
$10,801
Pinocchio

Final scores:

Steven Natasha Andrew
$6,999 $5,000 $2,300
3-day champion: $64,200 2nd place: $2,000 3rd place: $1,000

Game dynamics:

Coryat scores:

Steven Natasha Andrew
$17,800 $14,600 $13,800
21 R,
1 W
18 R
(including 1 DD),
3 W
(including 1 DD)
18 R
(including 1 DD),
1 W

Combined Coryat: $46,200

The J! Archive is created by fans, for fans. The Jeopardy! game show and all elements thereof, including but not limited to copyright and trademark thereto, are the property of Jeopardy Productions, Inc. and are protected under law. This website is not affiliated with, sponsored by, or operated by Jeopardy Productions, Inc. Join the discussion at JBoard.tv.